Biblioteca

La ética : (Registro nro. 52293)

Detalles MARC
000 -LÍDER
Campo fijo de descripción fija 00763cab a2200193 i 4500
001 - NÚMERO DE CONTROL
Campo de control 768714001
003 - IDENTIFICADOR DEL NÚMERO DE CONTROL
Campo de control CO-MdBIC
005 - FECHA Y HORA DE LA ULTIMA TRANSACCIÓN
control field 20240422145648.0
008 - ELEMENTOS DE LONGITUD FIJA -- INFORMACIÓN GENERAL
Campo fijo de descripción fija -- Información general 221109b1998 arg||||| |||| 00| 0 spa d
040 ## - FUENTE DE CATALOGACIÓN
Idioma de catalogación spa
Agencia que realiza la transcripción CO-MdFUSB
Agencia que realiza la modificación CO-MdFUSB
041 ## - CÓDIGO DE IDIOMA
Código de idioma para texto/pista de sonido o título separado spa
100 1# - ASIENTO PRINCIPAL--NOMBRE PERSONAL
Nombre personal Góngora, Lilia
Término relacionador autora
245 10 - TÍTULO
Título La ética :
Subtitulo un buen tema para nuestro tiempo
Mención de responsabilidad / Lilia Góngora
300 ## - DESCRIPCIÓN FÍSICA
Extensión Volumen 17, número 1 (enero - marzo, 1998), páginas: 36 - 37
Dimensiones ;27 cm
520 ## - NOTA DE RESUMEN, ETC.
Nota de sumario, etc. La ética es moral pensada. Para que haya moral pensada hace falta una moral vivida. Estas dos van entretejidas.
650 #7 - ASIENTO SECUNDARIO DE MATERIA - TERMINO TEMÁTICO
9 (RLIN) 186
Término temático o nombre geográfico como elemento de entrada Ética social.
773 0# - ASIENTO DE ITEM FUENTE
Título Iglesia y Misión
Biblionumber 49402
Itemnumber 59635
Parte(s) relacionada(s) / Volumen., número. (mes año), páginas Volumen 17, número 1 (enero - marzo, 1998), páginas: 36 - 37
Enumeración y primera página páginas: 36
942 ## - TIPO DE MATERIAL (KOHA)
Tipo de Item KOHA Artículos de Revista

No hay ítems disponibles.

Biblioteca FUSBC | Teléfono: (57+4) 349 88 10 Ext. 141| WhatsApp (+57) 3005338115 
E-mail: biblioteca@unisbc.edu.co | Calle 76 87-14 Robledo Palenque, Medellín, Colombia

Con tecnología Koha